000 01472nam a22004097a 4500
001 0065950
003 KOHA_MİRAKIL
005 20260207004623.0
007 ta
008 210301b2002 tu |||gr||||#0|||1|tur |
040 _aTR-BiSEU
_btur
_cTR-BiSEU
_erda
041 0 _atur
044 _ctu
050 _aPL248.D33
_bD36 2002
245 0 _aDânişmend-nâme/
_chazırlayan Necati Demir; yayınlayanlar Şinasi Tekin, Gönül Alpay Tekin.
264 1 _aCambridge :
_bHarvard Universitesi Yakın Doğu Dilleri ve Medeniyetleri Bölümü
_c2002
300 _a4 cilt ;
_c27 cm.
336 _ametin
_btxt
_2rdacontent
337 _aaracısız
_bn
_2rdamedia
338 _acilt
_bnc
_2rdacarrier
490 1 _aDoğu dilleri ve edebiyatlarının kaynakları ;
_v54.
490 1 _aTürkçe kaynaklar ;
_v47
500 _aKaynakça var.
500 _aKısım I: Tenkitli metin.
500 _aKısım II: Türkiye Türkçesine Aktarış.
500 _aKısım III: Dil Özellikleri ve Sözlük.
500 _aKısım IV: Tıpkıbasım, Atatürk Kitaplığı, M. Cevdet K. 441.
650 0 _aDanismend-name.
_9124195
650 0 _aDestan edebiyatı, Türki.
_9124196
650 0 _aEpic literature, Turkic.
_926299
650 0 _aEfsaneler--Türkiye.
_9124197
650 0 _aLegends--Turkey.
_945950
830 1 _aDoğu dilleri ve edebiyatlarının kaynakları ;
_v54.
_985097
830 1 _aTürkçe kaynaklar ;
_v47
_985098
907 _aEdebiyat
942 _2lcc
_cBK
999 _c66333
_d66333